Das Große Berg Quiz - Statistiken

Allgemein
  • Dieses Quiz wurde 102 mal gespielt
  • Das Durchschnittsergebnis liegt bei 10 aus 21
Antwortstatistiken
Hint Antwort % Korrekt
Höchster Berg (8849 m) Mount Everest
98%
Höchster Berg Asiens (8849 m) Mount Everest
98%
Wieviele Achttausender gibt es? 14
84%
Zweithöchster Berg (8611 m) K2
84%
Höchster Berg der Alpen (4808 m) Mont Blanc
84%
Deutsche Sängerin? Andrea Berg
78%
Höchster Berg Afrikas (5895 m) Kibo (Kilimandscharo)
77%
Höchster Berg Japans (3776 m) Fuji
63%
Bekanntester Club Berlins Berghain
57%
Höchster Berg Europas (5642 m) Elbrus
51%
Höchster Berg Nordamerikas (6190) Denali (Mount McKinley)
46%
Erstbesteigung des Mount Everest ohne zusätzlichen Sauerstoff Reinhold Messner, Peter Habeler
41%
Erstbesteigung des Mount Everest Tenzing Norgay, Edmund Hillary
39%
Konzentrationslager in Niedersachsen Bergen-Belsen
32%
Höchster Berg Südamerikas (6961 m) Aconcagua
28%
Höchster Berg Schottlands (1345 m) Ben Nevis
22%
Höchster Berg von Antarktika (4897 m) Mount Vinson
9%
Höchster Berg Ozeaniens (4884 m) Puncak Jaya
3%
Höchster Berg auf dem Mond (~ 5500 m) Mons Huygens
2%
Wie heißt der Mount Everest auf Tibetisch („Mutter des Universums“) Qomolangma
2%
Wie heißt der Mount Everest auf Nepali? („Stirn des Himmels“) Sagarmatha
2%
Keine übereinstimmenden Quizze gefunden
Verteilung der Resultate
Anzahl Personen mit jedem Resultat
Perzentil nach korrekt beantworteten Fragen
Ihre Resultats-Entwicklung
Sie haben dieses Quiz noch nicht gespielt